Recovering subversion : (Record no. 552)
[ view plain ]
| 000 -LEADER | |
|---|---|
| fixed length control field | 00535cam a2200193 a 4500 |
| 001 - CONTROL NUMBER | |
| control field | 13613636 |
| 005 - DATE AND TIME OF LATEST TRANSACTION | |
| control field | 20240306234644.0 |
| 008 - FIXED-LENGTH DATA ELEMENTS--GENERAL INFORMATION | |
| fixed length control field | 040604s2004 ilu b 001 0 eng |
| 020 ## - INTERNATIONAL STANDARD BOOK NUMBER | |
| ISBN | 8178240858. |
| 040 ## - CATALOGING SOURCE (பட்டியலாக்க மூலம்) | |
| Original cataloging agency | DLC |
| Transcribing agency | DLC |
| Modifying agency | DLC |
| 082 00 - DDC Classification | |
| Class No. | 323,34. |
| DDC Edition Number | 22 |
| Item Number - Author Mark | REC. |
| 100 1# - MAIN ENTRY--PERSONAL NAME | |
| Personal name | Menon, Nivedita. |
| 245 10 - TITLE STATEMENT | |
| Title | Recovering subversion : |
| Remainder of title | feminist politics beyond the law / |
| Statement of responsibility, etc. | Nivedita Menon. |
| 260 ## - PUBLICATION, DISTRIBUTION, ETC. | |
| Place of publication, distribution, etc. | New Delhi : |
| Name of publisher, distributor, etc. | Permanent Black/ |
| Date of publication, distribution, etc. | 2004. |
| 300 ## - PHYSICAL DESCRIPTION | |
| Extent (e.g. Volumes, Pages etc.) | xii, 271 p. ; |
| 650 #0 - SUBJECT ADDED ENTRY--TOPICAL TERM | |
| Topical term or geographic name entry element | Women |
| 650 #0 - SUBJECT ADDED ENTRY--TOPICAL TERM | |
| Topical term or geographic name entry element | Feminist jurisprudence. |
| 942 ## - Koha item type (Biblio) | |
| Koha item type | Books in Stacks (Lending) |
| Lost status | Damaged status | Collection code | Home library | Current library | Date acquired | Full call number | Accession Number | Item type |
|---|---|---|---|---|---|---|---|---|
| Lending | WERC Library | WERC Library | 03/07/2024 | 323,34. REC. | 5473 | Books in Stacks (Lending) |
